Pays organisateurs de la Coupe d'Afrique des nations (football) - Statistiques

Statistiques générales
  • Ce quiz a été pris 327 fois
  • Le résultat moyen est 28 sur 34
Statistiques - réponses
Année Pays organisateur % Correct
1988 Maroc
98%
1990 Algérie
97%
1974 Egypte
97%
1986 Egypte
97%
2006 Egypte
97%
1959 République arabe unie
97%
1996 Afrique du Sud
95%
2013 Afrique du Sud
95%
2000 Ghana / Nigeria
93%
1965 Tunisie
93%
1994 Tunisie
93%
2004 Tunisie
93%
1972 Cameroun
92%
2019 Cameroun
92%
1984 Côte d'Ivoire
91%
2021 Côte d'Ivoire
91%
1992 Sénégal
91%
1980 Nigeria
87%
1963 Ghana
83%
1978 Ghana
83%
2008 Ghana
83%
2002 Mali
83%
2023 Guinée
80%
2012 Gabon / Guinée équatoriale
74%
2017 Gabon
73%
1962 Ethiopie
72%
1968 Ethiopie
72%
1976 Ethiopie
72%
1982 Libye
71%
2010 Angola
69%
1957 Soudan
69%
1970 Soudan
69%
1998 Burkina Faso
56%
2015 Guinée équatoriale
51%
Aucun quiz correspondant
Distribution des résultats
% des personnes avec chaque résultat
Percentile par nombre de réponses
Votre historique - résultats
Vous n’avez pas pris ce quiz